000 00445nam a2200169 i 4500
001 bg
100 1 _aCZECHOWSKA, Leokadia
245 0 _aPlanowanie przestrzenne a ochrona przyrody /
_cL. Czechowska, M. Szopa.
260 _aWarszawa,
_c1971.
650 9 _aŚrodowisko człowieka
700 1 _aSZOPA, Michał
040 _cBPK
041 _apol
080 _a502.5:711.1/.2(438)
942 _cKS
008 s pl f |000 0 pol
999 _c21415
_d21415
856 _uhttp://koha.tu.koszalin.pl/cgi-bin/koha/opac-detail.pl?biblionumber=21415
_yKatalog online BPK